000 01505ngm a2200313 a 4500
005 20220317001841.0
008 170410s2009 c g 000 0 s
041 _aspa
082 0 4 _a523.1
_bD37c
110 2 _aDiscovery Communications
_977935
245 1 0 _aCuriosity
_b¿cómo se creó el universo?
_cDiscovery communications
_hvideodisco digital
250 _a1a. edición
300 _a1 DVD (43 minutos)
_bsonido, color
_c12 cm
490 _aDiscovery en la escuela
520 _aGracias a esta serie nos sumergiremos en el mundo de las preguntas imposibles que todos nos hemos hecho en ocasiones y conoceremos las respuestas a algunos enigmas que no hemos podido responder. Curiosity, viaja por diferentes disciplinas como el espacio, la biología, la física, la tecnología, la naturaleza y la mente humana para buscar respuesta a las grandes preguntas
600 1 4 _aAristarco de samos
_d310 A. C.-230 A. C
_vVideodiscos
_977928
600 1 4 _aGaliley, Galileo
_d1564 - 1642
_vVideodiscos
_977929
600 1 4 _aEinstein, Albert
_d1879-1955
_vVideodiscos
_977930
650 1 4 _2LEMB
_aEspacio exterior
_vVideodiscos
650 1 4 _2LEMB
_aOrigen de la tierra
_vVideodiscos
650 1 4 _2LEMB
_aSistema solar
_vVideodiscos
650 1 4 _2LEMB
_aOrigen del universo
_vVideodiscos
942 _2ddc
_cDVD
264 _aBogotá
_bMS Tv & Videos
_c2009
336 _atexto
_btxt
_2rdacontent
337 _asin mediación
_bn
_2rdamedia
338 _avolumen
_bnc
_2rdacarrier
040 _aCO-BoRNBP
_bspa
_erda
_cCO-BoRNBP
999 _c8305
_d8305